Environmental products and their assessment

Systém environmentálneho hodnotenia sa rozhodujúcou mierou podieľa na vytváraní správneho vzťahu subjektov trhu k zložkám životného prostredia. Environmentálna výrobková politika SR. Definovanie potrieb udržateľného životného prostredia. Samoregulačné vzťahy ekonomického a ekologického systému podni...

Descripción completa

Guardado en:
Detalles Bibliográficos
Autor principal: Kollár, Vojtech
Formato: Capítulo de libro
Lenguaje:inglés
Materias:
Etiquetas: Agregar Etiqueta
Sin Etiquetas, Sea el primero en etiquetar este registro!

MARC

LEADER 00000naa a2200000 4500
001 r030551
005 20230918074952.2
041 0 |a eng 
044 |a SK 
245 1 0 |a Environmental products and their assessment  |c Vojtech Kollár 
520 |a Systém environmentálneho hodnotenia sa rozhodujúcou mierou podieľa na vytváraní správneho vzťahu subjektov trhu k zložkám životného prostredia. Environmentálna výrobková politika SR. Definovanie potrieb udržateľného životného prostredia. Samoregulačné vzťahy ekonomického a ekologického systému podniku a životného prostredia. 
610 2 0 |a politika environmentálna 
610 2 0 |a výroba ekologická 
610 2 0 |a výrobky ekologické 
610 2 0 |a prostredie životné 
610 2 0 |a rozvoj trvalo udržateľný 
610 2 0 |a podnik 
610 2 0 |a politika výrobková 
610 2 0 |a Slovensko 
100 1 |a Kollár, Vojtech